1501 1949 1627 1298 1155 1970 1097 1848 1879 1105 1815 1916 1550 1186 1069 1145 1681 1062 1777 1248 1985 1391 1379 1254 1693 1831 1351 1909 1980 1709 1146 1619 1948 1135 1041 1658 1601 1108 1288 1238 1721 1489 1817 1975 1492 1844 1538 1465 1143 1209 1984 1210 1916 1565 1681 1184 1873 1475 1071 1484 1132 1200 1791 1155 1266 1119 1232 1834 1649 1351 1202 1732 1210 1764 1656 1845 1577 1457 1711 1302 1978 1226 1753 1357 1459 1732 1245 1736 1671 1737 1748 1113 1626 1692 1183 1313 1417 1370 1600 BCNSPRNW ULIB Ver.6.0+V

เปลี่ยนเป็นภาษาไทย

Change to English
 แสดงรายละเอียดบรรณานุกรม
  กลับหน้าหลัก

Brief Record : Get Marc (ISO 2709) : E-mail record : QR code < ปิดหน้าต่าง
LEADER : 00000nam 2200000uu 4500
001    13399123174
003     ULIB
008    140520s2549||||th 000 0 tha d
020    ^a9789749476433
090    ^aนว.^bร387ล
100 0  ^aรัมย์
245 00 ^aลิขิตหัวใจในสวนรัก/^cรัมย์
250    ^aพิมพ์ครั้งที่ 1
260    ^aกรุงเทพฯ :^b1168 พับลิชชิ่ง,^c2549
300    ^a364 หน้า
710 1  ^a1168 พับลิชชิ่ง
945    ^p219^l0^i20322
995    ^aทศพร
999    ^aทศพร เกษรทอง
รายการนี้ยังไม่มีแท็ก
คุณยังไม่ได้ล็อกอิน คุณสามารถมีกิจกรรมร่วมกับเว็บไซต์ได้ แต่ต้องล็อกอินก่อน ::
  ล็อกอิน

รายการสื่อสารสนเทศ

ลำดับที่ ประเภท เลขเรียก/บาร์โค้ด สถานที่ สถานะ
1. นวนิยาย
นวนิยาย
นว. ร387ล ฉ.1 
  Barcode: 20322
ห้องสมุดวิทยาเขตนครสวรรค์
►นวนิยาย:l:Fiction
บนชั้น

รายการใกล้เคียง
    ผู้แต่ง [รัมย์]

BibComment


ยังไม่เคยถูกคอมเมนท์

คอมเมนท์ทรัพยากรรายการนี้
  คอมเมนท์: ลิขิตหัวใจในสวนร..


 Copyright 2026. Bcnsprnw @Library